Statistiques concernant Répliques cultes du Palmashow

Cliquez ici pour prendre le quiz!

Statistiques générales

  • Ce quiz a été pris 503 fois
  • Le résultat moyen est 17 sur 43

Statistiques - réponses

HintRéponse% Correct
Michel c'est le Brésil il ... la Samba il va de ville en ville pour vendre les veluxdanse
93%
Wahoo t'embrasse comme mon...frère
75%
Plan nous allons les prendre par... excellente idée mon général par derrièrederrière
71%
grande idée j'ai décidé de remanier le ...gouvernement
63%
On aime la vie on aime les bons ... alors on veut faire passer le taux d'alcolémie de 0,5 a 12copains
60%
De toute façon ça sert a rien c'est adopté ça sera saucisses ... a la cantine à midilentilles
58%
mais attention nouvelle ...regle
58%
quand marche en ... dans la salle de bainchaussettes
56%
Bonjour docteur je vous appelle en urgence par ce que j'ai un bouton sur le...gland
55%
Comment t'as découvert les .... ?J'était en Egypte avec costa croisièrepyramides
55%
par ce que c'est pas une question de chiffre c'est une question de ...morphologie
54%
Ah non mais c'est pour un ...sketch
53%
si j'ai 5 ... dans la poche et que j'en mange 3, combien me reste-il de ...?bonbons
49%
c'est la SISIgarette ...électronique
49%
Tout de suite on regarde Rambo ...4
43%
De retour par ce qu'on....revient
43%
j'ai oublié quelque chose ? non et justemement je trouve ça bizzare ! autant pour moi je vous reprend une ....frite
42%
Je vais pas passer par A plus B égal ... je vais mettre les points sur les I et les barres sur leurs mereshypotenus
42%
Je t'entends pas faudrait peut-etre ....plus fortchanter
41%
Demain je suis pas sur qu'tu t'...reveille
39%
et puis il y a les moments tant redoutés : les ...conseils
38%
on auraient du se rapprocher on est vachement loin la, retourne les ... titi pour voir lajumelles
38%
t'as quoi comme cours aujourd'hui, math et ... oh non mais ça c'est nul vas-y sèchebio
37%
J'ai mis des petites ... ça brules les petites ....braises
36%
en arretant de se payer des prostituées ou alors qu'ils ... les copainsinvitent
36%
c'est le début des ...vacances
34%
A gauche, a droite, a l'avant, a l'arrière de la ....cabine
30%
Salut patrick un petit ... monique un petit ...café
30%
a l'attaque ! Vous m'attendez meme pas pour ....jouer
30%
eh oh le party ... moins fort on s'entend plustime
30%
les ... ah c'est bien ça file lui le dossier d'inscriptionarabes
29%
C'est vrai qu'on se chamaillent depuis tant d'années... t'es peut-etre mon frere ainé mais t'es une ...canaille
29%
Wahoo t'embrasse comme mon...labrador
27%
dès que mon téléphone sonne ca pue la merde alors filez moi le ministère des ...oiseaux
27%
... goyave, noix de coco et myrtillepassion
26%
c'est mon nouveau conseiller c'est ...batman
25%
eh vous aussi vous la matez quand elle va pisser dans la ...grotte
21%
Ouais puis on prend des cacahuetes ou du ... et on lui jette a la gueulecouscous
17%
Mais je sais pas joséphine je sais pas les ... rouge bleu je m'en foucanapés
15%
Monsieur ... vous etes surclassépoitou
13%
Salut a tous et bienvenue dans clip and ...it
11%
t'es comme l'onde cranienne qui se reflete dans un ...hublot
10%
Combien de post-it dans le bloc a post-it ?835
9%

Distribution des résultats

Percentile par nombre de réponses

% des personnes avec chaque résultat

Votre développement - résultats

Vous n’avez pas pris ce quiz